| 000 -LEADER |
| fixed length control field |
nam a22 7a 4500 |
| 005 - DATE AND TIME OF LATEST TRANSACTION |
| control field |
20180903075126.0 |
| 008 - FIXED-LENGTH DATA ELEMENTS--GENERAL INFORMATION |
| fixed length control field |
180423b xxu||||| |||| 00| 0 eng d |
| 020 ## - IDENTIFIER FOR THE MANIFESTATION |
| Identifier for the Manifestation |
9786218019447 |
| Binding |
paperback |
| 040 ## - CATALOGING SOURCE |
| Language of Cataloging |
eng |
| Transcribing Agency |
APEC Schools Library |
| Description Conventions |
rda |
| 082 ## - DEWEY DECIMAL CLASSIFICATION NUMBER |
| Classification number |
F 700.599 |
| Author's Number |
D360c 2017 |
| 100 1# - CREATOR |
| Preferred Name of the Person |
Dedal, Jayson L. |
| 245 10 - TITLE AND STATEMENT OF RESPONSIBILITY |
| Preferred Title Proper |
Contemporary Philippine arts from the regions : |
| Remainder of Title |
an appreciation towards national identity / |
| Statement of Responsibility/Parallel Statement of Responsibility |
Jayson L. Dedal. |
| 250 ## - EDITION STATEMENT |
| Designation of Edition/Designation of a Named Revision of an Edition |
First edition. |
| 264 ## - PUBLICATION STATEMENT |
| Place of publication, distribution, etc |
Quezon City, PH : |
| Publisher's Name/Parallel Publisher's Name |
Cronical, |
| Copyright |
©2017. |
| Date of Publication |
[2017]. |
| 300 ## - PHYSICAL DESCRIPTION |
| Extent |
iv, 91 pages : |
| Illustrative Content |
some illustration ; |
| Dimensions |
26 cm |
| 336 ## - RDA CONTENT |
| Source |
rdacontent |
| Content Type |
text |
| 337 ## - RDA MEDIA |
| Source |
rdamedia |
| Media Type |
unmediated |
| 338 ## - RDA CARRIER |
| Source |
rdacarrier |
| Carrier Type |
volume |
| 504 ## - BIBLIOGRAPHY, ETC. NOTE |
| Bibliography, etc |
Includes bibliographical references. |
| 505 2# - CONTENTS |
| Related Work = Contents |
Preface I -- Dedication ii -- Chapter 1 Integrative Arts as Applied to Contemporary Art 1 -- An Introduction to the Arts Understanding the Arts 2 -- Traditional Art and Contemporary Art 11 -- Contemporary Art Appreciation 18 -- Contemporary Art Forms 22 -- Chapter 2 Contemporary Arts in the Philippines 29 -- Philippine Art 30 -- Philippine Popular Art 37 -- National Artists of the Philippines and Gawad sa Manlilikha ng Bayan 48 -- Chapter 3: Different Contemporary Art Techniques and Performance Practices 61 -- Contemporary Art Practices in the Philippines 62 -- Materials Used in Contemporary Arts 71 -- Techniques in the Creation of Arts 75 -- Chapter 4: Contemporary Arts Production 79 -- Experimentations in Creating Works of Art 80 -- Photography and Digital Art 80 -- Contemporary Arts Production 86 -- Bibliography 91
|
| 520 2# - SUMMARIZATION OF THE CONTENT |
| Summarization of the Content |
"This book is designed to introduce you to the different contemporary art forms in the Philippine regions. It follows the Department of Education's K-12 Senior High School Curriculum for Contemporary Philippine Arts from the Regions. The chapters are arranged in a developmental pattern to slowly introduce the students from the simplest to the most complex arts. The discussions are interdisciplinary, relating art to other subjects such as social studies, science, current events, and many others. The activities are varied and creative to stir up the imagination. Individual and group activities are also given to deepen the student's comprehension of the different art forms and to develop their appreciation of the art by experiencing it. However, the activities could be modified by the instructor to suit the needs of the class. "-- |
| 650 ## - ADDED SUBJECT ACCESS POINT - TOPICAL TERM |
| Topical Term |
Arts, Philippine. |
| 678 ## - CREATOR BIOGRAPHICAL INFORMATION |
| Biographical Information |
Jayson L. Dedal is a graduate of Bachelor of Secondary Education (BSE) with specialization in Music Education at the Philippine Normal University in 2015. He is an active alumni Bass member of the Philippine Normal University Chorale. He is currently a member of the High School faculty of Claret School of Quezon City. He is co-moderator of the Claret Vocal Ensemble. |
| 942 ## - ADDED ENTRY ELEMENTS (KOHA) |
| Source of Classification |
|
| Koha Item Type |
Books |